| 000 | 01423cab a2200181 4500 | ||
|---|---|---|---|
| 001 | ABS37091 | ||
| 008 | 090401t1986 xxu||||| |||| 00| 0 eng d | ||
| 035 | _a(Sirsi) u2253 | ||
| 041 | _aeng | ||
| 245 | _aClayhope Properties Ltd v Evans and Another | ||
| 260 | _c1986 | ||
| 350 | _a0 | ||
| 490 |
_aWeekly Law Reports _v(1986) 1 WLR 1223(9) |
||
| 520 | _aCA 7 May 1986. Appeal by C against decision dismissing an application to remove from the register a caution lodged by E on behalf of himself and other tenants of a block of flats owned by C. The caution was an order appointing a receiver to manage the flats and to have the property put into repair. C sought removal of the caution. C argued, 1) that the intention of a caution was to protect interests which bound a purchaser. The receiver had no interest in the land itself, nor had E. The receivership order, therefore, created no interest which could bind a purchaser and could not sensibly be registered;2) that E had no standing to lodge a caution since he was not a person "interested... in land" within the meaning of the Land Registration Act 1925 s 54 under the receivership order to which the caution related. CA held, E, as a tenant, was "interested" in the property and the receivership order, gave him the necessary status as a " person interested" under s54 and was therefore entitle | ||
| 690 | _aLAND-CASE LAW | ||
| 942 | _n0 | ||
| 948 | _c04/03/1997 | ||
| 999 |
_c1362 _d1362 |
||